000 00620nam a2200217 i 4500
001 75949
003 ES-MaACL
005 20230906172650.0
007 t|
008 040928q1945 sp |||| | spa d
080 _a821.161.1-32"19"
100 1 _aGrin, Aleksandr Stepanovich.
_9151216
245 1 0 _aLobos de mar /
_cA.S. Gryn ; traducción del ruso por B. Marcoff.
260 _aBarcelona :
_bLara,
_c[1945?] (
_fAleu y Domingo)
300 _a287 p. ;
_c19 cm.
490 1 _aHorizonte
700 1 _aMarcoff, Boyan.
_976494
830 0 _aHorizonte
_9180916
852 _aES-MaACL
_jE-526
999 _c75949
_d75949